000 00882 a2200217 4500
001 42690
005 20260407155714.0
008 260407a1957 arg spa d
003 AR-UNSa-BCEJYS
040 _aAR-UNSa-BCEJYS
_bspa
_cAR-UNSa-BCEJYS
080 _a339.9
_xEconomía internacional en general. Relaciones económicas internacionales. Economía mundial
245 1 0 _aEconomía Internacional
264 1 _aMadrid :
_bAguilar
_c1957
300 _axvi, 551 p.
_c21 cm.
505 _aParte I: La balanza de pagos y el mercado de moneda extranjera - Parte II: La cuenta de renta de la balanza de pagos - Parte III: La cuenta de capital en la balanza de pagos - Parte IV: El desequilibrio y el ajuste de la balanza de pagos
041 _aspa
942 _cBK
590 _aniveau_biblio:m niveau_hierar:0
100 1 _aCalleja, Anselmo
700 1 _aKindleberger, Charles P.
999 _c3638
_d3638